[Event "1516VL"]
[Site "Mecklenburg-Vorpommern"]
[Date "2016.01.17"]
[Round "5.2"]
[White "Wolke, Heiko"]
[Black "Dettmann, Gerd"]
[Result "1-0"]
[WhiteElo "1961"]
[BlackElo "2081"]
[PlyCount "133"]
[EventDate "2015.10.11"]
[EventType "team-tourn"]
[EventRounds "9"]
[EventCountry "GER"]
[SourceDate "2015.09.20"]
[WhiteTeam "SFO Warnemuende"]
[BlackTeam "SG Guestrow/Teterow"]
[WhiteTeamCountry "GER"]
[BlackTeamCountry "GER"]

1. e4 c5 2. Nf3 e6 3. c3 d5 4. exd5 exd5 5. d4 Nc6 6. Bf4 Nf6 7. Be2 Be7 8. O-O
O-O 9. Nbd2 Bg4 10. a3 Re8 11. Re1 Qb6 12. Qb3 Qxb3 13. Nxb3 c4 14. Nbd2 h6 15.
Ne5 Bf5 16. b4 a5 17. Bf3 axb4 18. axb4 Kf8 19. Nxc6 bxc6 20. Nxc4 dxc4 21.
Bxc6 Rxa1 22. Rxa1 Bd7 23. Bf3 g5 24. Be5 Ng4 25. Bc7 f5 26. h3 Nf6 27. Be5 Ne4
28. Ra6 Nxc3 29. Rxh6 g4 30. hxg4 fxg4 31. Bb7 Kf7 32. f3 Bxb4 33. Rh7+ Ke6 34.
fxg4 Bf8 35. Rh3 Nd5 36. Rf3 Be7 37. Rh3 Nf6 38. Rh6 Kf7 39. g5 Bf5 40. gxf6
Bb4 41. Bd5+ Be6 42. Be4 Rg8 43. Rh7+ Kf8 44. Rg7 c3 45. Rxg8+ Bxg8 46. Bc2 Be6
47. Kf2 Kf7 48. Ke2 Bg4+ 49. Ke1 Ke6 50. g3 Bf3 51. Kf2 Bg4 52. Bb3+ Kd7 53.
Bf4 Bf5 54. Kf3 c2 55. Bc1 Bf8 56. g4 Bg6 57. Kf4 Bh6+ 58. g5 Bf8 59. Ke3 Bd6
60. Bd5 Bg3 61. Be4 Bh4 62. Kd3 Bxe4+ 63. Kxe4 Ke6 64. d5+ Kd7 65. Kf5 Ke8 66.
Ke6 Be1 67. f7+ 1-0

[Event "1516VL"]
[Site "Mecklenburg-Vorpommern"]
[Date "2016.01.17"]
[Round "5.3"]
[White "Luther, Alexander"]
[Black "Hamann, Dirk"]
[Result "1-0"]
[WhiteElo "1961"]
[BlackElo "1911"]
[PlyCount "71"]
[EventDate "2015.10.11"]
[EventType "team-tourn"]
[EventRounds "9"]
[EventCountry "GER"]
[SourceDate "2015.09.20"]
[WhiteTeam "SG Guestrow/Teterow"]
[BlackTeam "SFO Warnemuende"]
[WhiteTeamCountry "GER"]
[BlackTeamCountry "GER"]

1. e4 Nf6 2. e5 Nd5 3. d4 d6 4. Nf3 Bg4 5. exd6 Qxd6 6. Nc3 Nxc3 7. bxc3 Nd7 8.
Be2 g6 9. O-O Bg7 10. h3 h5 11. a4 Bxf3 12. Bxf3 c6 13. Re1 e6 14. Ba3 Qc7 15.
Qd3 Nf6 16. Rab1 Bf8 17. c4 O-O-O 18. a5 g5 19. Bxf8 Rdxf8 20. a6 b6 21. d5 g4
22. Be4 Rd8 23. Rb3 Qe5 24. Qc3 Qf4 25. g3 Nxe4 26. gxf4 Nxc3 27. Rxc3 Rh6 28.
dxe6 Rxe6 29. Rxe6 fxe6 30. hxg4 hxg4 31. c5 Kc7 32. Re3 Kd7 33. Rd3+ Kc7 34.
Rxd8 Kxd8 35. cxb6 axb6 36. a7 1-0

[Event "1516VL"]
[Site "Mecklenburg-Vorpommern"]
[Date "2016.01.17"]
[Round "5.4"]
[White "Giese, Guido"]
[Black "Fidorra, Thomas"]
[Result "1/2-1/2"]
[WhiteElo "1856"]
[BlackElo "1940"]
[PlyCount "107"]
[EventDate "2015.10.11"]
[EventType "team-tourn"]
[EventRounds "9"]
[EventCountry "GER"]
[SourceDate "2015.09.20"]
[WhiteTeam "SFO Warnemuende"]
[BlackTeam "SG Guestrow/Teterow"]
[WhiteTeamCountry "GER"]
[BlackTeamCountry "GER"]

1. e4 c5 2. Nc3 e6 3. f4 d5 4. exd5 exd5 5. Bb5+ Bd7 6. Qe2+ Ne7 7. Nxd5 Bxb5
8. Qxb5+ Nbc6 9. Ne3 Qc7 10. Nf3 O-O-O 11. O-O Ng6 12. Ne5 Ngxe5 13. fxe5 Nxe5
14. Qe2 c4 15. b3 c3 16. d4 Rxd4 17. Nf5 Rd7 18. Bf4 Bc5+ 19. Kh1 f6 20. Rad1
Rhd8 21. Rxd7 Rxd7 22. Rd1 Rxd1+ 23. Qxd1 g6 24. Ng3 Qd7 25. Qxd7+ Nxd7 26. Ne4
Bb4 27. Nd6+ Bxd6 28. Bxd6 Nb6 29. Bc5 Nd5 30. Kg1 b6 31. Bd4 Kd7 32. Kf2 Ke6
33. Kf3 a6 34. a3 b5 35. g3 Kf5 36. g4+ Ke6 37. Ke4 f5+ 38. gxf5+ gxf5+ 39. Kd3
h5 40. Bxc3 Nxc3 41. Kxc3 Ke5 42. Kd3 a5 43. c4 bxc4+ 44. bxc4 a4 45. h4 f4 46.
c5 Kd5 47. c6 Kxc6 48. Ke4 Kc5 49. Kxf4 Kc4 50. Ke4 Kb3 51. Kd3 Kxa3 52. Kc3
Ka2 53. Kc2 a3 54. Kc1 1/2-1/2

[Event "1516VL"]
[Site "Mecklenburg-Vorpommern"]
[Date "2016.01.17"]
[Round "5.5"]
[White "Dettmann, Holger"]
[Black "Schmidt, Reinhard"]
[Result "1/2-1/2"]
[WhiteElo "1919"]
[BlackElo "1795"]
[PlyCount "55"]
[EventDate "2015.10.11"]
[EventType "team-tourn"]
[EventRounds "9"]
[EventCountry "GER"]
[SourceDate "2015.09.20"]
[WhiteTeam "SG Guestrow/Teterow"]
[BlackTeam "SFO Warnemuende"]
[WhiteTeamCountry "GER"]
[BlackTeamCountry "GER"]

1. d4 Nf6 2. Nc3 d5 3. Bf4 Bf5 4. Qd2 e6 5. f3 c5 6. e3 Nc6 7. g4 Bg6 8. h4 h5
9. g5 Nd7 10. Nb5 Rc8 11. c3 Nb6 12. dxc5 Bxc5 13. Nd4 Bd6 14. Nxc6 bxc6 15.
Nh3 e5 16. Bg3 O-O 17. b3 Qe7 18. Kf2 Rcd8 19. Kg2 e4 20. f4 Bf5 21. Kh2 g6 22.
Ng1 c5 23. Bh3 d4 24. Bxf5 gxf5 25. c4 dxe3 26. Qxe3 Kh7 27. Ne2 Bc7 28. Rad1
1/2-1/2

[Event "1516VL"]
[Site "Mecklenburg-Vorpommern"]
[Date "2016.01.17"]
[Round "5.6"]
[White "Birnbaum, Wolf Dieter"]
[Black "Kiel, Bernd"]
[Result "1/2-1/2"]
[WhiteElo "1782"]
[BlackElo "1914"]
[PlyCount "46"]
[EventDate "2015.10.11"]
[EventType "team-tourn"]
[EventRounds "9"]
[EventCountry "GER"]
[SourceDate "2015.09.20"]
[WhiteTeam "SFO Warnemuende"]
[BlackTeam "SG Guestrow/Teterow"]
[WhiteTeamCountry "GER"]
[BlackTeamCountry "GER"]

1. Nf3 Nf6 2. g3 d5 3. Bg2 c5 4. O-O Nc6 5. d4 cxd4 6. Nxd4 e5 7. Nxc6 bxc6 8.
c4 Be7 9. Nc3 e4 10. Bg5 Be6 11. Qa4 O-O 12. Rad1 Qe8 13. Bxf6 Bxf6 14. cxd5
cxd5 15. Qxe8 Rfxe8 16. Nxd5 Bxd5 17. Rxd5 Bxb2 18. Rb1 Bc3 19. Rd7 a5 20. Rb3
Rac8 21. Bxe4 h6 22. Bd5 Rxe2 23. Rxf7 Kh8 1/2-1/2

[Event "1516VL"]
[Site "Mecklenburg-Vorpommern"]
[Date "2016.01.17"]
[Round "5.7"]
[White "Ramp, Oliver"]
[Black "Boecking, Uwe"]
[Result "1-0"]
[WhiteElo "1791"]
[BlackElo "1738"]
[PlyCount "67"]
[EventDate "2015.10.11"]
[EventType "team-tourn"]
[EventRounds "9"]
[EventCountry "GER"]
[SourceDate "2015.09.20"]
[WhiteTeam "SG Guestrow/Teterow"]
[BlackTeam "SFO Warnemuende"]
[WhiteTeamCountry "GER"]
[BlackTeamCountry "GER"]

1. e4 c5 2. Nf3 Nc6 3. Bb5 e6 4. Bxc6 bxc6 5. e5 Ne7 6. O-O Ng6 7. Nc3 Be7 8.
b3 O-O 9. Ba3 Qa5 10. Na4 Ba6 11. c4 f6 12. d4 cxd4 13. Bxe7 Nxe7 14. Qxd4 Rad8
15. Qc5 Qxc5 16. Nxc5 Bc8 17. Ne4 fxe5 18. Nd6 e4 19. Ng5 e3 20. fxe3 Nf5 21.
Ngf7 Nxe3 22. Rf3 Nf5 23. Rxf5 exf5 24. Nxd8 Rxd8 25. Nxf5 g6 26. Nd6 Rf8 27.
Re1 Ba6 28. Re7 Rd8 29. Kf2 h6 30. Ke3 Kf8 31. Rf7+ Kg8 32. Kd4 Bc8 33. Ke5 Ba6
34. Kf6 1-0

[Event "1516VL"]
[Site "Mecklenburg-Vorpommern"]
[Date "2016.01.17"]
[Round "5.8"]
[White "Vladov, Mark"]
[Black "Hornecker, Siegfried"]
[Result "1-0"]
[WhiteElo "1686"]
[BlackElo "1880"]
[PlyCount "121"]
[EventDate "2015.10.11"]
[EventType "team-tourn"]
[EventRounds "9"]
[EventCountry "GER"]
[SourceDate "2015.09.20"]
[WhiteTeam "SFO Warnemuende"]
[BlackTeam "SG Guestrow/Teterow"]
[WhiteTeamCountry "GER"]
[BlackTeamCountry "GER"]

1. c4 e5 2. Nc3 b6 3. Nf3 Nc6 4. g3 Bb7 5. Bg2 f5 6. Nxe5 Nxe5 7. Bxb7 Rb8 8.
Ba6 c6 9. d4 Ng6 10. h4 h5 11. Qd3 Qf6 12. Bg5 Qf7 13. Qe3+ Be7 14. d5 Kf8 15.
dxc6 dxc6 16. Bxe7+ Qxe7 17. Qf3 Qe6 18. e4 Ne5 19. Qxf5+ Qxf5 20. exf5 Nd3+
21. Kf1 Nc5 22. Bb5 cxb5 23. Nxb5 Ne7 24. Nxa7 Ra8 25. Nb5 Nxf5 26. Kg2 Kf7 27.
Nc7 Rab8 28. Rhd1 Rhc8 29. Nb5 Rd8 30. Rd5 Rxd5 31. cxd5 Ne4 32. Rc1 Rb7 33.
Rc6 Nf6 34. d6 Ne8 35. Rc7+ Rxc7 36. dxc7 Nfd6 37. Nxd6+ Nxd6 38. Kf3 Ke6 39.
Kf4 Kd7 40. c8=Q+ Nxc8 41. Kg5 Ke6 42. Kg6 Nd6 43. Kxg7 Kf5 44. f3 Nc4 45. Kh6
Nxb2 46. Kxh5 Nd3 47. Kh6 Kf6 48. Kh7 b5 49. a3 Kf7 50. g4 Ne5 51. g5 Ng6 52.
h5 Nf8+ 53. Kh8 Ne6 54. g6+ Kf6 55. Kh7 Ng7 56. h6 Ne6 57. g7 Ng5+ 58. Kg8 Kg6
59. Kf8 Nh7+ 60. Ke7 Nf6 61. h7 1-0

[Event "1516VL"]
[Site "Mecklenburg-Vorpommern"]
[Date "2016.01.17"]
[Round "5.1"]
[White "Skibbe, Willi"]
[Black "Zentgraf, Robert"]
[Result "1-0"]
[WhiteElo "2207"]
[BlackElo "2142"]
[PlyCount "97"]
[EventDate "2015.10.11"]
[EventType "team-tourn"]
[EventRounds "9"]
[EventCountry "GER"]
[SourceDate "2015.09.20"]
[WhiteTeam "SSC Rostock 07 II"]
[BlackTeam "SAV Torgelow"]
[WhiteTeamCountry "GER"]
[BlackTeamCountry "GER"]

1. e4 c5 2. c3 g6 3. d4 cxd4 4. cxd4 d5 5. exd5 Nf6 6. Bb5+ Bd7 7. Bc4 Qc7 8.
Bb3 Bg7 9. Nc3 O-O 10. Nge2 b5 11. a3 a5 12. O-O Qb6 13. Nf4 Ne8 14. Be3 Nd6
15. Bc2 Na6 16. Ne4 Rfd8 17. Nxd6 Qxd6 18. h4 Nc7 19. Bb3 Rac8 20. Rc1 Na8 21.
Rc5 Nb6 22. Qd3 Be8 23. Rfc1 Qf6 24. g3 Rb8 25. Ne2 Qf3 26. Nf4 Qg4 27. Bd1 Qd7
28. b3 Rbc8 29. Bf3 a4 30. Rc6 axb3 31. Qxb5 Rb8 32. Qxb3 Qa7 33. Rc7 Qa5 34.
Qb4 Qxb4 35. axb4 Na8 36. Rxe7 Bf8 37. Ra7 Rxb4 38. Nd3 Rb5 39. Bg5 Rdb8 40.
Ne5 Nb6 41. Nc6 Nc8 42. Rc7 Bxc6 43. dxc6 h6 44. Bf4 g5 45. hxg5 hxg5 46. Be5
f6 47. Be2 Nd6 48. Bxb5 Nxb5 49. Rb7 1-0

[Event "1516VL"]
[Site "Mecklenburg-Vorpommern"]
[Date "2016.01.17"]
[Round "5.2"]
[White "Ehlers, Michael"]
[Black "Engel, Gunnar"]
[Result "0-1"]
[WhiteElo "1945"]
[BlackElo "2027"]
[PlyCount "82"]
[EventDate "2015.10.11"]
[EventType "team-tourn"]
[EventRounds "9"]
[EventCountry "GER"]
[SourceDate "2015.09.20"]
[WhiteTeam "SAV Torgelow"]
[BlackTeam "SSC Rostock 07 II"]
[WhiteTeamCountry "GER"]
[BlackTeamCountry "GER"]

1. e4 c5 2. Nf3 d6 3. d4 cxd4 4. Nxd4 Nf6 5. Nc3 a6 6. Be3 e5 7. Nb3 Be6 8. Be2
Be7 9. O-O O-O 10. f4 exf4 11. Rxf4 Nc6 12. Nd4 Ne5 13. Nf5 Rc8 14. Bd4 Nfd7
15. Bd3 Bg5 16. Rf1 Rc6 17. Qe1 g6 18. Ne3 Bf6 19. Ned5 Nf3+ 20. Rxf3 Bxd4+ 21.
Kh1 Be5 22. h3 Rc8 23. Qf2 h5 24. Rf1 b5 25. Qa7 Bg4 26. Qxa6 Bxf3 27. Rxf3 Nc5
28. Qa7 Ra8 29. Qe7 Qxe7 30. Nxe7+ Kg7 31. Nxb5 Rxa2 32. Kg1 Rxb2 33. Nc7 h4
34. Nc6 Rc8 35. Nxe5 dxe5 36. Nd5 Nxd3 37. cxd3 Rc1+ 38. Rf1 Rxf1+ 39. Kxf1 Rd2
40. Nb4 Kf6 41. Nd5+ Kg5 0-1

[Event "1516VL"]
[Site "Mecklenburg-Vorpommern"]
[Date "2016.01.17"]
[Round "5.3"]
[White "Pererva, Viktor"]
[Black "Schmekel, Florian"]
[Result "1-0"]
[WhiteElo "2007"]
[BlackElo "1929"]
[PlyCount "85"]
[EventDate "2015.10.11"]
[EventType "team-tourn"]
[EventRounds "9"]
[EventCountry "GER"]
[SourceDate "2015.09.20"]
[WhiteTeam "SSC Rostock 07 II"]
[BlackTeam "SAV Torgelow"]
[WhiteTeamCountry "GER"]
[BlackTeamCountry "GER"]

1. d4 Nf6 2. Nf3 e6 3. Bg5 c5 4. Nc3 Be7 5. e4 cxd4 6. Nxd4 O-O 7. Qd2 a6 8.
O-O-O b5 9. e5 Nd5 10. Bxe7 Nxe7 11. Ne4 Qc7 12. f4 Bb7 13. Bd3 Bd5 14. Nc3 Bb7
15. Kb1 Nbc6 16. Nxc6 dxc6 17. Qe2 c5 18. Be4 Rad8 19. Bxb7 Qxb7 20. Qe4 Qc7
21. Rhf1 b4 22. Ne2 c4 23. c3 Rb8 24. Rd4 Rfc8 25. g4 Nd5 26. Rc1 bxc3 27. Nxc3
Qb6 28. Na4 Qb4 29. Rdxc4 Rxc4 30. Qxc4 Qxc4 31. Rxc4 Ne3 32. Rc6 Rd8 33. Nc3
Nxg4 34. h4 h5 35. Rxa6 Rd4 36. Ra4 Rd2 37. b4 Ne3 38. b5 Rd7 39. b6 Rb7 40.
Rb4 Kf8 41. a4 f6 42. a5 g5 43. a6 1-0

[Event "1516VL"]
[Site "Mecklenburg-Vorpommern"]
[Date "2016.01.17"]
[Round "5.4"]
[White "Bauer, Norbert"]
[Black "Mangold, Thomas"]
[Result "1/2-1/2"]
[WhiteElo "1974"]
[BlackElo "1937"]
[PlyCount "82"]
[EventDate "2015.10.11"]
[EventType "team-tourn"]
[EventRounds "9"]
[EventCountry "GER"]
[SourceDate "2015.09.20"]
[WhiteTeam "SAV Torgelow"]
[BlackTeam "SSC Rostock 07 II"]
[WhiteTeamCountry "GER"]
[BlackTeamCountry "GER"]

1. d4 g6 2. c4 Bg7 3. Nc3 d6 4. e4 a6 5. Be2 Nc6 6. Nf3 Bg4 7. Be3 e5 8. d5
Bxf3 9. Bxf3 Nd4 10. Be2 c5 11. dxc6 bxc6 12. c5 dxc5 13. O-O Nf6 14. f3 O-O
15. Rc1 Nd7 16. Na4 Qb8 17. b3 Qa7 18. Qd2 Rad8 19. Rfe1 Nb6 20. Qa5 Nxa4 21.
Qxa4 a5 22. Qa3 a4 23. Rxc5 Qe7 24. Bd1 axb3 25. Bxb3 Rb8 26. Qc1 Nxb3 27. axb3
Rxb3 28. Rxc6 Qb7 29. Rc7 Qb5 30. Qc4 Qxc4 31. Rxc4 Rfb8 32. Kf2 Bf8 33. Rec1
Rxe3 34. Kxe3 Bh6+ 35. Kd3 Bxc1 36. Rxc1 Rd8+ 37. Ke3 Ra8 38. Kd3 Rd8+ 39. Ke3
Ra8 40. Kd3 Rd8+ 41. Ke3 Ra8 1/2-1/2

[Event "1516VL"]
[Site "Mecklenburg-Vorpommern"]
[Date "2016.01.17"]
[Round "5.5"]
[White "Brack, Peter"]
[Black "Massloch, Philipp"]
[Result "1-0"]
[WhiteElo "1941"]
[BlackElo "1663"]
[PlyCount "123"]
[EventDate "2015.10.11"]
[EventType "team-tourn"]
[EventRounds "9"]
[EventCountry "GER"]
[SourceDate "2015.09.20"]
[WhiteTeam "SSC Rostock 07 II"]
[BlackTeam "SAV Torgelow"]
[WhiteTeamCountry "GER"]
[BlackTeamCountry "GER"]

1. c4 e5 2. Nc3 Nc6 3. g3 f5 4. Bg2 Nf6 5. e3 Bb4 6. Nd5 Nxd5 7. cxd5 Ne7 8.
Qh5+ g6 9. Qh4 c5 10. Qf6 Rg8 11. Qxe5 d6 12. Qf6 b5 13. Ne2 Rf8 14. Qh4 Rf7
15. Nf4 Rb8 16. Qg5 Ng8 17. Qxd8+ Kxd8 18. h4 Nf6 19. O-O Re7 20. Rd1 Bb7 21.
d3 Kd7 22. Bd2 Bxd2 23. Rxd2 Rbe8 24. Rc1 a5 25. b3 Rc8 26. Re1 c4 27. dxc4
bxc4 28. Rc2 cxb3 29. Rxc8 Bxc8 30. axb3 Kc7 31. Rc1+ Kb7 32. Rc6 Ne8 33. Bf1
Kb8 34. Kg2 Ra7 35. Kf3 Bb7 36. Rc3 Nf6 37. Bc4 a4 38. bxa4 Rxa4 39. Rc2 Ra5
40. Rd2 Rc5 41. Rd4 Ne4 42. Ke2 Nc3+ 43. Kf1 Nb5 44. Ne6 Nxd4 45. Nxc5 Nf3 46.
Nxb7 Nd2+ 47. Ke2 Nxc4 48. Nd8 Kc7 49. Ne6+ Kd7 50. Nf8+ Ke7 51. Nxh7 Nb6 52.
Ng5 Nxd5 53. Nf3 Nc3+ 54. Ke1 Ne4 55. Nd2 Nc3 56. f3 Kf6 57. Nc4 Nb5 58. Kd2 d5
59. Nb6 Ke5 60. Kd3 d4 61. exd4+ Nxd4 62. f4+ 1-0

[Event "1516VL"]
[Site "Mecklenburg-Vorpommern"]
[Date "2016.01.17"]
[Round "5.6"]
[White "Kasel, Alexander"]
[Black "Celmer, Ole"]
[Result "0-1"]
[WhiteElo "1607"]
[BlackElo "1893"]
[PlyCount "50"]
[EventDate "2015.10.11"]
[EventType "team-tourn"]
[EventRounds "9"]
[EventCountry "GER"]
[SourceDate "2015.09.20"]
[WhiteTeam "SAV Torgelow"]
[BlackTeam "SSC Rostock 07 II"]
[WhiteTeamCountry "GER"]
[BlackTeamCountry "GER"]

1. c4 e5 2. Nc3 Nf6 3. g3 Bc5 4. Bg2 O-O 5. e3 Re8 6. d3 c6 7. Nge2 d5 8. cxd5
cxd5 9. Qb3 d4 10. Bxb7 Bxb7 11. Qxb7 Nbd7 12. Ne4 dxe3 13. fxe3 Rb8 14. Qc6
Re6 15. Nxf6+ Rxf6 16. Qg2 Qb6 17. Qe4 Bb4+ 18. Nc3 Nc5 19. Qc4 Rd8 20. d4 exd4
21. exd4 Ne6 22. d5 Qf2+ 23. Kd1 Qf3+ 24. Kc2 Bxc3 25. Bf4 Nd4+ 0-1

[Event "1516VL"]
[Site "Mecklenburg-Vorpommern"]
[Date "2016.01.17"]
[Round "5.7"]
[White "Schumann, Rabea"]
[Black "Troemer, Felix"]
[Result "1/2-1/2"]
[WhiteElo "1674"]
[BlackElo "1479"]
[PlyCount "119"]
[EventDate "2015.10.11"]
[EventType "team-tourn"]
[EventRounds "9"]
[EventCountry "GER"]
[SourceDate "2015.09.20"]
[WhiteTeam "SSC Rostock 07 II"]
[BlackTeam "SAV Torgelow"]
[WhiteTeamCountry "GER"]
[BlackTeamCountry "GER"]

1. c4 c5 2. g3 Nf6 3. Bg2 g6 4. Nc3 Bg7 5. e4 d6 6. Nge2 Nc6 7. O-O O-O 8. d3
e5 9. f4 Nd7 10. f5 Nf6 11. h3 Ne7 12. g4 h6 13. Ng3 g5 14. Kf2 Nd7 15. Rh1 f6
16. Be3 Kf7 17. Qd2 Nc6 18. Rh2 Nd4 19. Rah1 b6 20. h4 Bb7 21. Nh5 Rg8 22. hxg5
hxg5 23. Bxd4 exd4 24. Nb5 Ne5 25. Bf3 a6 26. Na3 Qd7 27. Kg3 b5 28. b3 b4 29.
Nc2 a5 30. Ne1 a4 31. Nxg7 Rxg7 32. Rh7 axb3 33. axb3 Rag8 34. Qh2 Bc8 35. Qh5+
Kf8 36. Qh6 Qf7 37. Rh2 Ke8 38. Rxg7 Qxg7 39. Qh5+ Qf7 40. Qh3 Qg7 41. Be2 Nf7
42. Nf3 Rh8 43. Qg2 Rxh2 44. Qxh2 Qh6 45. Qg1 Ne5 46. Qa1 Qh7 47. Qa4+ Qd7 48.
Qa1 Ke7 49. Qh1 Nf7 50. Qa1 Qb7 51. Qa5 Bd7 52. Qa1 Qb8 53. Kg2 Bc6 54. Qa2 Nh6
55. Nh2 Nf7 56. Nf3 Qa8 57. Qxa8 Bxa8 58. Kg3 Kd7 59. Kg2 Bc6 60. Bd1 1/2-1/2

[Event "1516VL"]
[Site "Mecklenburg-Vorpommern"]
[Date "2016.01.17"]
[Round "5.8"]
[White "Bress, Aaron"]
[Black "Schamber, Dennis"]
[Result "0-1"]
[WhiteElo "1475"]
[BlackElo "1695"]
[PlyCount "90"]
[EventDate "2015.10.11"]
[EventType "team-tourn"]
[EventRounds "9"]
[EventCountry "GER"]
[SourceDate "2015.09.20"]
[WhiteTeam "SAV Torgelow"]
[BlackTeam "SSC Rostock 07 II"]
[WhiteTeamCountry "GER"]
[BlackTeamCountry "GER"]

1. e4 c5 2. Nf3 d6 3. d4 cxd4 4. Nxd4 Nf6 5. Nc3 e6 6. Be3 Be7 7. Be2 a6 8. O-O
O-O 9. f3 Qc7 10. Qe1 b5 11. a3 Nc6 12. Nxc6 Qxc6 13. Qf2 Bb7 14. Rfd1 Nd7 15.
Rac1 Rac8 16. Qg3 Kh8 17. Bd4 Nf6 18. Kh1 Rfd8 19. e5 dxe5 20. Bxe5 Qc5 21. f4
Ne8 22. Na2 Rxd1+ 23. Bxd1 Qc4 24. Bh5 f6 25. b3 Qc5 26. Bxe8 fxe5 27. Bd7 Rd8
28. Bxe6 Qxc2 29. h3 Qxa2 30. fxe5 Rd2 31. Rg1 Qxa3 32. Qc3 Rd8 33. Ra1 Qc5 34.
Qg3 Qc6 35. Bg4 Bh4 36. Qh2 Qc3 37. Rf1 Bg3 38. Qg1 Bxe5 39. Qb6 Qc7 40. Qxc7
Bxc7 41. Rf7 h5 42. Bxh5 Rc8 43. Bg4 Bd5 44. Rf5 Re8 45. Kg1 Bxb3 0-1

[Event "1516VL"]
[Site "Mecklenburg-Vorpommern"]
[Date "2016.02.21"]
[Round "6.2"]
[White "Rabinowitsch, Juri"]
[Black "Mangold, Thomas"]
[Result "1/2-1/2"]
[WhiteElo "1888"]
[BlackElo "1937"]
[PlyCount "46"]
[EventDate "2015.10.11"]
[EventType "team-tourn"]
[EventRounds "9"]
[EventCountry "GER"]
[SourceDate "2015.09.20"]
[WhiteTeam "SF Schwerin IV"]
[BlackTeam "SSC Rostock 07 II"]
[WhiteTeamCountry "GER"]
[BlackTeamCountry "GER"]

1. e4 e5 2. Nf3 d6 3. d4 exd4 4. Nxd4 Nf6 5. Nc3 Be7 6. Bd3 O-O 7. O-O Re8 8.
f4 Bf8 9. Re1 c5 10. Nf3 Nc6 11. h3 Qc7 12. Bd2 a6 13. Nd5 Nxd5 14. exd5 Rxe1+
15. Qxe1 Ne7 16. c4 Bf5 17. Qe2 g6 18. Re1 Bg7 19. b3 Bxd3 20. Qxd3 Nf5 21. Bc3
Qd7 22. Bxg7 Nxg7 23. Kf2 Re8 1/2-1/2

[Event "1516VL"]
[Site "Mecklenburg-Vorpommern"]
[Date "2016.02.21"]
[Round "6.4"]
[White "Schiewer, Robert"]
[Black "Celmer, Ole"]
[Result "1/2-1/2"]
[WhiteElo "1859"]
[BlackElo "1893"]
[PlyCount "109"]
[EventDate "2015.10.11"]
[EventType "team-tourn"]
[EventRounds "9"]
[EventCountry "GER"]
[SourceDate "2015.09.20"]
[WhiteTeam "SF Schwerin IV"]
[BlackTeam "SSC Rostock 07 II"]
[WhiteTeamCountry "GER"]
[BlackTeamCountry "GER"]

1. e4 e5 2. Nf3 Nc6 3. Bb5 a6 4. Ba4 Nf6 5. d3 b5 6. Bb3 Be7 7. O-O O-O 8. a4
b4 9. c3 a5 10. Re1 d5 11. exd5 Nxd5 12. Nxe5 Nxe5 13. Rxe5 c6 14. Bxd5 cxd5
15. Qf3 Bd6 16. Re1 Re8 17. Be3 Rb8 18. Nd2 bxc3 19. bxc3 Qc7 20. Bd4 Be6 21.
Nf1 Rb3 22. Reb1 Rxb1 23. Rxb1 Qd7 24. Qd1 Bg4 25. f3 Bf5 26. Rb5 Bc7 27. Ne3
Be6 28. g3 h5 29. f4 Bg4 30. Qb3 Be6 31. f5 Bxf5 32. Rxd5 Qe6 33. Qd1 Bg4 34.
Qf1 Bh3 35. Qf2 Qg6 36. Bc5 h4 37. g4 Bxg4 38. Qxh4 Bf5+ 39. Kf2 Bxd3 40. Rh5
Qf6+ 41. Qxf6 gxf6 42. Bd4 Kg7 43. Rg5+ Kh6 44. Rd5 Kg6 45. h4 Rh8 46. Bxf6
Kxf6 47. Rxd3 Ke6 48. Rd4 Rh5 49. Rc4 Bd6 50. Kf3 f5 51. Rc6 Rxh4 52. Rxd6+
Kxd6 53. Nxf5+ Kc5 54. Nxh4 Kc4 55. Ke3 1/2-1/2

[Event "1516VL"]
[Site "Mecklenburg-Vorpommern"]
[Date "2016.02.21"]
[Round "6.5"]
[White "Schumann, Rabea"]
[Black "Krueger, Gerhard"]
[Result "1/2-1/2"]
[WhiteElo "1674"]
[BlackElo "1815"]
[PlyCount "118"]
[EventDate "2015.10.11"]
[EventType "team-tourn"]
[EventRounds "9"]
[EventCountry "GER"]
[SourceDate "2015.09.20"]
[WhiteTeam "SSC Rostock 07 II"]
[BlackTeam "SF Schwerin IV"]
[WhiteTeamCountry "GER"]
[BlackTeamCountry "GER"]

1. c4 Nf6 2. g3 e5 3. Bg2 d5 4. cxd5 Nxd5 5. Nc3 Nxc3 6. bxc3 c6 7. d3 Be6 8.
Nf3 f6 9. O-O Be7 10. Qc2 O-O 11. Rb1 Qc8 12. Bd2 Nd7 13. c4 Rb8 14. a4 a6 15.
a5 c5 16. Rb2 b5 17. axb6 Rxb6 18. Rfb1 Qc7 19. Rxb6 Nxb6 20. Ba5 Rb8 21. Nd2
Qa7 22. Bxb6 Rxb6 23. Rxb6 Qxb6 24. Qa4 Kf7 25. Qb3 Qb4 26. Qa2 a5 27. Bc6 Bd8
28. Kg2 Ke7 29. Ne4 Bd7 30. Bxd7 Kxd7 31. Qa4+ Kc7 32. Qe8 Qb6 33. Qf7+ Kc8 34.
Qxg7 Qc6 35. Qf8 a4 36. Qxc5 Qxc5 37. Nxc5 a3 38. Nb3 a2 39. Kf3 Ba5 40. Ke4
Kd7 41. Kf5 Ke7 42. f4 Bc3 43. fxe5 fxe5 44. e3 Kd6 45. g4 a1=Q 46. Nxa1 Bxa1
47. h4 Bc3 48. g5 Bd2 49. d4 Bxe3 50. dxe5+ Ke7 51. h5 Bd4 52. h6 Kf7 53. e6+
Ke7 54. g6 hxg6+ 55. Kxg6 Kxe6 56. h7 Kd6 57. Kf7 Kc5 58. Kg8 Kxc4 59. h8=Q
Bxh8 1/2-1/2

[Event "1516VL"]
[Site "Mecklenburg-Vorpommern"]
[Date "2016.02.21"]
[Round "6.6"]
[White "Pamperin, Gerhard"]
[Black "Hodl, Ingolf"]
[Result "0-1"]
[WhiteElo "1765"]
[BlackElo "1922"]
[PlyCount "64"]
[EventDate "2015.10.11"]
[EventType "team-tourn"]
[EventRounds "9"]
[EventCountry "GER"]
[SourceDate "2015.09.20"]
[WhiteTeam "SF Schwerin IV"]
[BlackTeam "SSC Rostock 07 II"]
[WhiteTeamCountry "GER"]
[BlackTeamCountry "GER"]

1. d4 Nf6 2. Nf3 g6 3. c4 Bg7 4. Nc3 d6 5. e3 O-O 6. Be2 Nbd7 7. O-O e5 8. dxe5
dxe5 9. Qc2 c6 10. b4 Qe7 11. a4 a5 12. b5 Re8 13. Ba3 c5 14. Rad1 e4 15. Nd2
b6 16. Bb2 Bb7 17. Rfe1 Rad8 18. Nf1 h5 19. Rd2 Ne5 20. Red1 Rxd2 21. Rxd2 Qe6
22. Nd1 Nf3+ 23. Bxf3 exf3 24. Qd3 Qg4 25. Ng3 h4 26. Bxf6 Bxf6 27. Qd7 Qxd7
28. Rxd7 Bc8 29. Rd6 Be5 30. Rxb6 hxg3 31. hxg3 fxg2 32. Kxg2 Re6 0-1

[Event "1516VL"]
[Site "Mecklenburg-Vorpommern"]
[Date "2016.02.21"]
[Round "6.7"]
[White "Schumann, Harald"]
[Black "Schumacher, Ole"]
[Result "1/2-1/2"]
[WhiteElo "1937"]
[BlackElo "1673"]
[PlyCount "67"]
[EventDate "2015.10.11"]
[EventType "team-tourn"]
[EventRounds "9"]
[EventCountry "GER"]
[SourceDate "2015.09.20"]
[WhiteTeam "SSC Rostock 07 II"]
[BlackTeam "SF Schwerin IV"]
[WhiteTeamCountry "GER"]
[BlackTeamCountry "GER"]

1. e4 c5 2. Nf3 d6 3. d4 cxd4 4. Nxd4 Nf6 5. Nc3 a6 6. Be2 e5 7. Nb3 Be6 8. O-O
d5 9. exd5 Nxd5 10. Nxd5 Qxd5 11. Be3 Nd7 12. Qxd5 Bxd5 13. Rfd1 Be4 14. Rd2
Rc8 15. Rad1 Bf5 16. Bf3 e4 17. g4 Ne5 18. Be2 Nxg4 19. Bb6 Be7 20. Re1 Ne5 21.
Rd5 f6 22. Nd4 Bg6 23. Ne6 Bf7 24. Rxe5 fxe5 25. Nc7+ Kd7 26. Bg4+ Kc6 27. Bxc8
Kxb6 28. Be6 Kxc7 29. Bxf7 Rf8 30. Bd5 Bc5 31. Re2 Rf4 32. Kg2 Kd6 33. Bxe4 b5
34. Bxh7 1/2-1/2